|
|
|
|
| LEADER |
01243nab a2200193 i 4500 |
| 001 |
univ75772 |
| 005 |
20251015115827.0 |
| 008 |
251015s2025 hu o 000 hun d |
| 040 |
|
|
|a SZTE UnivHistória Repozitórium
|b hun
|
| 041 |
|
|
|a hun
|
| 100 |
1 |
|
|a Fülöp Tímea
|
| 245 |
1 |
0 |
|a Soha véget nem érő tanulás, ami a csillagokig emel
|h [elektronikus dokumentum] :
|b Kapu Tibor és Cserényi Gyula az SZTE-n /
|c Fülöp Tímea
|
| 260 |
|
|
|c 2025-10-14
|
| 490 |
0 |
|
|a SZTE Info
|
| 561 |
|
|
|a Egyetemi hirarchívum
|
| 695 |
|
|
|a Rendezvény - közönségtalálkozó - pódiumbeszélgetés - "Kapu Tibor és Cserényi Gyula Vidék Roadshow", Űrmisszió - Axiom Mission 4, HUNOR - Magyar Űrhajós Program, Kutatás - űrélettan, Kapu Tibor - kutatóűrhajós, Cserényi Gyula - kutatóűrhajós, Videómegosztó közösségi hálózat - Youtube - SZTE, József Attila Tanulmányi és Információs Központ - TIK
|
| 700 |
0 |
2 |
|a Sahin-Tóth István
|
| 700 |
0 |
2 |
|a Kovács-Jerney Ádám
|
| 856 |
4 |
0 |
|u http://univ.bibl.u-szeged.hu/75772/1/Szegedi%20Tudom%C3%A1nyegyetem%20_%20Soha%20v%C3%A9get%20nem%20%C3%A9r%C5%91%20tanul%C3%A1s%2C%20ami%20a%20csillagokig%20emel%20%E2%80%93%20Kapu%20Tibor%20%C3%A9s%20Cser%C3%A9nyi%20Gyula%20az%20SZTE-n.pdf
|z Dokumentum-elérés
|